Word Scramble - Countries That Border Austria - Statistics

General Stats
  • This quiz has been taken 15 times
  • The average score is 8 of 8
Answer Stats
Weird Stuff Country % Correct
Hezcc Pcerbuli Czech Republic
100%
Raymegn Germany
100%
Atyli Italy
100%
Lakosvia Slovakia
100%
Zawsiredntl Switzerland
100%
Ttiihlcnneees Liechtenstein
90%
Nyraugh Hungary
80%
Vlsnieoa Slovenia
80%
No matching quizzes found
Score Distribution
Percent of People with Each Score
Percentile by Number Answered
Your Score History
You have not taken this quiz